000
00220nam a22000857a 4500
008
170109b xxu||||| |||| 00| 0 eng d
100
_9
2281
_a
Misra.M.etal.
245
_a
CCE.Social Science-X-T-I
260
_a
New Delhi
_b
APC
_c
2011
999
_c
5174
_d
5174